01393naa a2200205 i 45000010005000000030009000050050017000140080039000310400021000700800011000910800012001021000161001142450184002755000021004596500025004806500025005056550030005307110166005607730461007261597KOSZ 00520180126140333.0150528s2000 pl f |100 0 pol cBPKdKOSZ 005/EG a330.34 a332.1221 aKRAUZE, Tomasz.d1998 - .bPolitechnika Koszalińska - Wydział Ekonomii i Zarządzania,cKatedra Polityki Społeczno-Gospodarczej i Ekonomiki Regionalnej10aKształtowanie rozwoju społeczno-gospodarczego byłych miast wojewódzkich w świetle unijnych procedur programowania rozwoju regionalnego /cTomasz Krauze, Agnieszka Korneluk. aDane z autopsji. 0aRozwój regionalny. 0aMiasta - gospodarka. 0aMateriały konferencyjne.22aKonferencja Naukowa nt. Problemy społeczno-gospodarcze byłych miast wojewódzkich po reformie podziału administracyjnego krajud(2000 ;cKołobrzeg, Polska).0 iW :tProblemy społeczno-gospodarcze byłych miast wojewódzkich po reformie podziału administracyjnego kraju : przesłanki nowej strategii rozwoju (na przykładzie Koszalina i Słupska) : materiały na konferencję naukową Kołobrzeg, 27-28 listopada 2000 / Politechnika Koszalińska. -dKoszalin : Wydaw. Wydziału Ekonomii i Zarządzania Politechniki Koszalińskiej : Polskiego Towarzystwa Ekonomicznego Oddział w Koszalinie, 2000. -gs. 96-107